[Event "Bethune op-B 25th"]
[Site "Bethune"]
[Date "2004.12.27"]
[Round "3"]
[White "Madej, Frederic"]
[Black "Gibson, Richard"]
[Result "1-0"]
[WhiteElo "1400"]
[BlackElo "1580"]
[PlyCount "79"]
[EventDate "2004.12.26"]
[EventType "swiss"]
[EventRounds "7"]
[EventCountry "FRA"]
[SourceTitle "EXT 2006"]
[Source "ChessBase"]
[SourceDate "2005.11.24"]
[SourceVersion "1"]
[SourceVersionDate "2005.11.24"]
[SourceQuality "1"]

1. c4 c6 2. g3 d5 3. cxd5 cxd5 4. Bg2 Nf6 5. Nf3 Nc6 6. 0-0 e5 7. d3 Be6 8. Bg5 h6 9. Bxf6 gxf6 10. e4 d4 11. a3 Qd7 12. Nh4 Bd6 13. Nd2 0-0-0 14. Rc1 Rdg8 15. Nf5 Kb8 16. Qa4 Bc7 17. Nc4 h5 18. b4 a6 19. Na5 Nxa5 20. Qxd7 Bxd7 21. bxa5 Bxf5 22. exf5 Bxa5 23. Bd5 Rg5 24. Be4 h4 25. Rc5 Bc3 26. Rb1 b5 27. Rc6 Ka7 28. Rxf6 Rg7 29. Rd6 hxg3 30. fxg3 Rc8 31. Rd7+ Kb6 32. f6 Rgg8 33. Rxf7 Rgf8 34. Rxf8 Rxf8 35. Rf1 Kc5 36. g4 b4 37. axb4+ Bxb4 38. g5 a5 39. g6 Kb6 40. f7 1-0